<?xml version="1.0" encoding="UTF-8"?>
<record
    xmlns:xsi="http://www.w3.org/2001/XMLSchema-instance"
    xsi:schemaLocation="http://www.loc.gov/MARC21/slim http://www.loc.gov/standards/marcxml/schema/MARC21slim.xsd"
    xmlns="http://www.loc.gov/MARC21/slim">

  <leader>03419nam a2200445 a 4500</leader>
  <controlfield tag="003">CHAP</controlfield>
  <controlfield tag="005">20250220091728.0</controlfield>
  <controlfield tag="007">cr ||||||a|c|a</controlfield>
  <controlfield tag="008">101025s2010    mx      r     00010 spa d</controlfield>
  <datafield tag="035" ind1=" " ind2=" ">
    <subfield code="a">111210</subfield>
  </datafield>
  <datafield tag="040" ind1=" " ind2=" ">
    <subfield code="c">CHAP</subfield>
  </datafield>
  <datafield tag="090" ind1=" " ind2=" ">
    <subfield code="a">Tesis</subfield>
  </datafield>
  <datafield tag="100" ind1="1" ind2=" ">
    <subfield code="a">V&#xE1;zquez Aguilar, Beltario.</subfield>
    <subfield code="9">120288</subfield>
  </datafield>
  <datafield tag="245" ind1="1" ind2="0">
    <subfield code="a">Conformaci&#xF3;n estructural de Leucaena leucopcephala a diferente manejo en vivero</subfield>
    <subfield code="c">/por Beltario V&#xE1;zquez Aguilar; director Pedro Arturo Mart&#xED;nez Hern&#xE1;ndez</subfield>
  </datafield>
  <datafield tag="264" ind1=" " ind2=" ">
    <subfield code="a">Chapingo, M&#xE9;x. :</subfield>
    <subfield code="b">El autor,</subfield>
    <subfield code="c">2010.</subfield>
  </datafield>
  <datafield tag="300" ind1=" " ind2=" ">
    <subfield code="a">1 recurso en l&#xED;nea (87 p&#xE1;ginas):</subfield>
    <subfield code="b">Cuadros, figuras</subfield>
  </datafield>
  <datafield tag="336" ind1=" " ind2=" ">
    <subfield code="2">rdacontent</subfield>
    <subfield code="a">texto</subfield>
    <subfield code="b">txt</subfield>
  </datafield>
  <datafield tag="337" ind1=" " ind2=" ">
    <subfield code="2">rdamedia</subfield>
    <subfield code="a">computadora</subfield>
    <subfield code="b">c</subfield>
  </datafield>
  <datafield tag="338" ind1=" " ind2=" ">
    <subfield code="2">rdacarrier</subfield>
    <subfield code="a">recursos en linea</subfield>
    <subfield code="b">cr</subfield>
  </datafield>
  <datafield tag="502" ind1=" " ind2=" ">
    <subfield code="b">MCIG</subfield>
    <subfield code="c">Zootecn&#xED;a</subfield>
    <subfield code="d">2010</subfield>
    <subfield code="g">MAE</subfield>
  </datafield>
  <datafield tag="520" ind1=" " ind2=" ">
    <subfield code="a">La investigaci&#xF3;n consisti&#xF3; de dos experimentos independientes realizados en invernadero con el objetivo general de determinar la conformaci&#xF3;n estructural a&#xE9;rea (CEA), aportes de componentes morfol&#xF3;gicos (ACM) y din&#xE1;mica del rebrote (DR) de Leucaena leucocephala cv. Cunningham. En el primero (EXP1) se evaluaron 13 tratamientos originados de combinar la aplicaci&#xF3;n o no de poda (PD) y biorreguladores (BIO) a diferente edad de la planta. En el segundo (EXP2) fueron 9 tratamientos en factorial 3 x 3: tres dosis de nitr&#xF3;geno (0, 25 y 50 kg ha-1) y tres de f&#xF3;sforo (0, 25 y 50 kg ha-1). El dise&#xF1;o fue completamente al azar con 18 y 10 repeticiones en EXP1 y EXP2 respectivamente; la unidad experimental fue una planta. La poda modific&#xF3; la CEA y ACM aumentando (p&lt;0.05) 20 veces la ramificaci&#xF3;n, reduciendo 33 cm la altura (ALT), 0.8 mm el di&#xE1;metro del tallo principal (DTP), dos veces la cantidad de tallo (CT) y n&#xFA;mero de n&#xF3;dulos (NN) en relaci&#xF3;n con plantas sin poda. En DR, la rama apical tuvo mayor di&#xE1;metro y longitud con PD a edad tard&#xED;a. No hubo efecto sin&#xE9;rgico entre PD y BIO en CEA y ACM. La dosis de 50 kg ha-1 de N ocasion&#xF3; (p&lt;0.05) la muerte de todas las plantas, elimin&#xE1;ndose del an&#xE1;lisis de los datos, quedando una factorial 2 x 3. Fertilizar con N modific&#xF3; (p&lt;0.05) la CEA reduciendo ALT y DPT as&#xED; como ACM con menor valor en los atributos de ra&#xED;z (volumen, peso y longitud) y NN; sin embargo, agregar P s&#xF3;lo afect&#xF3; (p&lt;0.05) CT, volumen de ra&#xED;z y raz&#xF3;n tallo:hoja. La poda por s&#xED; sola mejora la conformaci&#xF3;n estructural a&#xE9;rea, sin cambiar los atributos del aporte de los componentes morfol&#xF3;gicos de Leucaena lecucocephala, pero fertilizar con nitr&#xF3;geno y f&#xF3;sforo reduce el crecimiento de las plantas, con efecto t&#xF3;xico del N al aplicarlo en cantidad alta.</subfield>
  </datafield>
  <datafield tag="590" ind1=" " ind2=" ">
    <subfield code="a">ALEPH</subfield>
    <subfield code="b">10</subfield>
    <subfield code="c">20130110</subfield>
  </datafield>
  <datafield tag="590" ind1=" " ind2=" ">
    <subfield code="a">BATCH-UPD</subfield>
    <subfield code="b">10</subfield>
    <subfield code="c">20130110</subfield>
  </datafield>
  <datafield tag="590" ind1=" " ind2=" ">
    <subfield code="a">BATCH-UPD</subfield>
    <subfield code="b">10</subfield>
    <subfield code="c">20130410</subfield>
  </datafield>
  <datafield tag="590" ind1=" " ind2=" ">
    <subfield code="a">BATCH-UPD</subfield>
    <subfield code="b">10</subfield>
    <subfield code="c">20130914</subfield>
  </datafield>
  <datafield tag="590" ind1=" " ind2=" ">
    <subfield code="a">BATCH-UPD</subfield>
    <subfield code="b">10</subfield>
    <subfield code="c">20140324</subfield>
  </datafield>
  <datafield tag="590" ind1=" " ind2=" ">
    <subfield code="a">BATCH-UPD</subfield>
    <subfield code="b">10</subfield>
    <subfield code="c">20141002</subfield>
  </datafield>
  <datafield tag="590" ind1=" " ind2=" ">
    <subfield code="a">CONVERSION</subfield>
    <subfield code="b">10</subfield>
    <subfield code="c">20130109</subfield>
  </datafield>
  <datafield tag="650" ind1="0" ind2="4">
    <subfield code="a">Cultivos</subfield>
    <subfield code="x">Invernadero.</subfield>
    <subfield code="9">30284</subfield>
  </datafield>
  <datafield tag="650" ind1="0" ind2="4">
    <subfield code="a">Estructura at&#xF3;mica.</subfield>
    <subfield code="9">38482</subfield>
  </datafield>
  <datafield tag="650" ind1="0" ind2="4">
    <subfield code="a">Leucaena leucocephala.</subfield>
    <subfield code="9">66380</subfield>
  </datafield>
  <datafield tag="700" ind1="1" ind2=" ">
    <subfield code="a">Mart&#xED;nez Hern&#xE1;ndez, Pedro Arturo</subfield>
    <subfield code="e">Director</subfield>
    <subfield code="9">72165</subfield>
  </datafield>
  <datafield tag="856" ind1=" " ind2=" ">
    <subfield code="u">http://10.13.5.2/tesis/111210.pdf</subfield>
    <subfield code="z">DESCARGAR PDF</subfield>
  </datafield>
  <datafield tag="901" ind1=" " ind2=" ">
    <subfield code="a">BK</subfield>
  </datafield>
  <datafield tag="942" ind1=" " ind2=" ">
    <subfield code="c">TD</subfield>
    <subfield code="2">Clasificaci&#xF3;n Universidad Aut&#xF3;noma Chapingo</subfield>
  </datafield>
  <datafield tag="949" ind1=" " ind2=" ">
    <subfield code="b">BC</subfield>
    <subfield code="c">TES</subfield>
    <subfield code="d">33724002219223</subfield>
    <subfield code="e">TS1</subfield>
    <subfield code="g">Donaci&#xD8;n</subfield>
    <subfield code="h">51275</subfield>
    <subfield code="i">111210</subfield>
    <subfield code="s">b</subfield>
  </datafield>
  <datafield tag="949" ind1=" " ind2=" ">
    <subfield code="b">BC</subfield>
    <subfield code="c">TES</subfield>
    <subfield code="d">33724002219975</subfield>
    <subfield code="e">TS2</subfield>
    <subfield code="f">c.2</subfield>
    <subfield code="g">Donaci&#xD8;n</subfield>
    <subfield code="h">51276</subfield>
    <subfield code="i">111210</subfield>
    <subfield code="s">b</subfield>
  </datafield>
  <datafield tag="999" ind1=" " ind2=" ">
    <subfield code="c">99552</subfield>
    <subfield code="d">99552</subfield>
  </datafield>
  <datafield tag="952" ind1=" " ind2=" ">
    <subfield code="0">0</subfield>
    <subfield code="1">0</subfield>
    <subfield code="2">local</subfield>
    <subfield code="4">0</subfield>
    <subfield code="5">1</subfield>
    <subfield code="7">0</subfield>
    <subfield code="8">TesDigM</subfield>
    <subfield code="a">BD</subfield>
    <subfield code="b">BD</subfield>
    <subfield code="c">E_L</subfield>
    <subfield code="d">2019-12-31</subfield>
    <subfield code="e">Donacion</subfield>
    <subfield code="f">TESIS</subfield>
    <subfield code="l">0</subfield>
    <subfield code="o">Tesis digital</subfield>
    <subfield code="r">2019-12-31 00:00:00</subfield>
    <subfield code="w">2024-08-28</subfield>
    <subfield code="y">TD</subfield>
  </datafield>
</record>
